Modular neural networks and type-2 fuzzy systems for pattern recognition (Record no. 13591)

MARC details
000 -LEADER
fixed length control field 00578 a2200205 4500
001 - CONTROL NUMBER
control field 148735
003 - CONTROL NUMBER IDENTIFIER
control field OSt
005 - DATE AND TIME OF LATEST TRANSACTION
control field 20211011173146.0
008 - FIXED-LENGTH DATA ELEMENTS--GENERAL INFORMATION
fixed length control field
082 ## - DEWEY DECIMAL CLASSIFICATION NUMBER
Classification number 006.4
Item number M52M
100 1# - MAIN ENTRY--PERSONAL NAME
Personal name Melin, Patricia
245 1# - TITLE STATEMENT
Title Modular neural networks and type-2 fuzzy systems for pattern recognition
Statement of responsibility, etc by Patricia Melin
260 ## - PUBLICATION, DISTRIBUTION, ETC. (IMPRINT)
Place of publication, distribution, etc Berlin
Name of publisher, distributor, etc Springer
Date of publication, distribution, etc 2012
300 ## - PHYSICAL DESCRIPTION
Extent 214p.
653 ## - INDEX TERM--UNCONTROLLED
Uncontrolled term Mathematics
653 ## - INDEX TERM--UNCONTROLLED
Uncontrolled term Neural networks (Computer science)
653 ## - INDEX TERM--UNCONTROLLED
Uncontrolled term Pattern recognition systems
653 ## - INDEX TERM--UNCONTROLLED
Uncontrolled term Fuzzy systems
942 ## - ADDED ENTRY ELEMENTS (KOHA)
Source of classification or shelving scheme Dewey Decimal Classification
Koha item type Books
Holdings
Withdrawn status Lost status Source of classification or shelving scheme Damaged status Not for loan Collection code Home library Current library Date acquired Source of acquisition Cost, normal purchase price Full call number Barcode Checked out Date last seen Price effective from Koha item type
    Dewey Decimal Classification     General Text Book Central University Of Rajasthan Central University Of Rajasthan 11/09/2015 MTH(P) 0.00 006.4 M52M 22396 01/01/2018 02/09/2020 02/09/2020 Books